LEADER 00980nam a2200253 i 4500 001 000000249916 003 CaOOAMICUS 005 20160705000000.0 008 160705s1963 it u000 u ita u 013 $a228821 040 $aSeMil$bita 100 1 $aSalerno, Luigi.$0(OLS)http://semarc/name/26394 245 10$aSalvator Rosa /$cLuigi Salerno. 260 $aMilano :$bClub del Libro,$c1963. 300 $a332 p. :$btav. 79 di cui 74 nel testo ;$c24 cm. 490 0 $aCollana d'arte del Club del Libro ;$v5. 500 $aIn custodia. 600 14$aRosa, Salvator.$0(OLS)http://semarc/subject/33101 830 0$aCollana d'arte del Club del Libro ;$v5.$0(OLS)http://semarc/title/19950 850 $aSeMil 852 $aSeMil$W1$xVenegono$y1$m5I VI 156$j200262$B200262$CSeMilBibl$Z2$F213345 $81 961 $aOmaggio: Sagramoso Guido 996 $6245$aSalvator Rosa$9(OLS)http://semarc/title/248938 996 $6260$aMilano :$bClub del Libro$9(OLS)http://semarc/publisher/34066 LEADER 01214nam a2200205 i 4500 001 000000237850 003 CaOOAMICUS 005 20150113000000.0 008 150113s1741 it u000 u lat u 013 $a216755 026 $aUSsu isab ei,& ctst (3) 1741 (R) 040 $aSeMil$bita 245 10$aTomus 10. 300 $a[4], 718, [2] p. 500 $aSegn. : pgr2 A-4X4 (pgr1 e 4x4 bianche). 500 $aMarca editoriale: La Fortuna: una donna nuda sopra ad una ruota tiene con le mani una vela spiegata al vento. (O160). 773 0 $aBaronio, Cesare $tAnnales ecclesiastici auctore Caesare Baronio Sorano e congregatione Oratorii ... una cum critica historico-chronologica p. Antonii Pagii ...Additur pręterea Dissertatio Hypatica ejusdem Pagii; & Epistola consularis Henrici card. Norisii. In hac vero editione Fasti consulares ab a.u.c. 709 ad annum Christi 567 illustrantur, supplentur, & castigantur. Accedunt animadversiones in Pagium ... Tomus 1. [-29.].$dLucae : Typis Leonardi Venturini, 1738-1746.$g10$w()31238 850 $aSeMil 852 $aSeMil$W1$xVenegono$y1$m3C VI 11 FA$j188196$B188196$CSeMilBibl$Z2$F198985 $8I 996 $6245$aTomus 10$9(OLS)http://semarc/title/308144